| 000 | 00387nam a22001337a 4500 | ||
|---|---|---|---|
| 005 | 20260624131344.0 | ||
| 020 | _a9781009444897 | ||
| 082 | _a330.951 WAN/C | ||
| 100 |
_aFeng,Wang _916962 |
||
| 245 |
_aChina's age of abundance: _borigins ascendance, and aftermath/ _cWang, Feng |
||
| 260 |
_a. - Uk _b: Cambridge University Press _c, 2024 |
||
| 300 | _axvi+255 pages | ||
| 942 |
_2ddc _cREF |
||
| 999 |
_c761020 _d761020 |
||